Federations in the World - Statistics

General Stats
  • This quiz has been taken 63 times
  • The average score is 21 of 27
Answer Stats
Units Federation % Correct
46 oblasts, 22 republics, 9 krais, 4 autonomous okrugs, 3 federal cities, 1 autonomous oblast Russia
100%
50 states, 1 federal district, 1 incorporated territory, 15 unincorporated territories United States
100%
26 states, 1 federal district, 5564 municipalities Brazil
98%
6 states, 10 territories Australia
95%
10 provinces, 3 territories Canada
95%
16 states Germany
95%
31 states, 1 autonomous city Mexico
95%
23 provinces, 1 autonomous city Argentina
93%
29 states, 7 union territories India
93%
26 cantons Switzerland
91%
7 emirates United Arab Emirates
91%
4 provinces, 2 autonomous areas, 2 territories Pakistan
84%
9 states Austria
77%
3 regions, 3 communities Belgium
77%
19 governorates, 1 autonomous region Iraq
74%
4 states Federated States of Micronesia
72%
23 states, 1 federal district, 1 federal dependency Venezuela
72%
13 states, 3 federal territories Malaysia
63%
18 states Sudan
63%
28 states South Sudan
60%
9 regions, 2 chartered cities Ethiopia
58%
36 states, 1 territory Nigeria
58%
8 federal member states Somalia
56%
2 entities (one of which is a federation of 10 cantons), 1 self-governing district Bosnia and Herzegovina
53%
3 islands Comoros
53%
7 provinces Nepal
44%
2 states Saint Kitts and Nevis
42%
No matching quizzes found
Score Distribution
Percent of People with Each Score
Percentile by Number Answered
Your Score History
You have not taken this quiz